[Event "Austin AGCA IM"]
[Site "Austin"]
[Date "2024.01.13"]
[Round "4"]
[White "Metpally, Jason"]
[Black "Lee, Megan Shuen Hui"]
[Result "0-1"]
[WhiteElo "2204"]
[BlackElo "2267"]
[PlyCount "158"]
[EventDate "2024.01.11"]
[EventType "tourn"]
[EventRounds "9"]
[EventCountry "USA"]
[SourceTitle "CB04_2024"]
[SourceDate "2023.10.16"]
[SourceVersion "1"]
[SourceVersionDate "2023.10.16"]
[SourceQuality "1"]

1. d4 Nf6 2. c4 e6 3. g3 d5 4. Bg2 Be7 5. Nf3 0-0 6. 0-0 dxc4 7. Ne5 Nc6 8. Bxc6 bxc6 9. Nxc6 Qe8 10. Nxe7+ Qxe7 11. Qc2 c5 12. Qxc4 cxd4 13. Qxd4 e5 14. Qh4 h6 15. Nc3 Bb7 16. Rd1 Rfc8 17. Be3 Qe6 18. f3 Ba6 19. Qb4 Qh3 20. Bf2 e4 21. Rd6 Rab8 22. Qd4 Rxc3 23. Qxc3 Bxe2 24. Rxf6 gxf6 25. fxe4 Rb5 26. Rc1 Kg7 27. Bd4 Rh5 28. Bxf6+ Kg6 29. Bh4 Rxh4 30. gxh4 Bf3 31. Qd2 Bxe4 32. Rc3 Qe6 33. Rg3+ Kh7 34. Qc3 Qb6+ 35. Kf1 Bg6 36. a3 Qb5+ 37. Ke1 Qf5 38. Re3 Qg4 39. Kd2 Qxh4 40. Qe5 Qf2+ 41. Kc3 Qc2+ 42. Kb4 Qd2+ 43. Qc3 Qd6+ 44. Kb3 Qd5+ 45. Ka4 Bf5 46. Re7 Bd7+ 47. Rxd7 Qxd7+ 48. Ka5 Qd8+ 49. Ka4 Qh4+ 50. Kb3 Qxh2 51. Qd3+ Kg8 52. Qd8+ Kh7 53. Qd3+ Kg8 54. Qd8+ Kg7 55. Qd4+ Kg6 56. Qxa7 Qg3+ 57. Kc4 h5 58. Qb6+ f6 59. Qe6 h4 60. Qg8+ Kf5 61. Qc8+ Kg5 62. Qg8+ Kf4 63. Qb8+ Kg4 64. Qg8+ Kh3 65. Qh7 f5 66. a4 f4 67. Qf5+ Qg4 68. Qd5 f3+ 69. Kd3 Kg2 70. Ke3 Qg3 71. a5 h3 72. a6 h2 73. a7 h1Q 74. a8Q Qc1+ 75. Kd3 Qg6+ 76. Kd4 Qxb2+ 77. Ke3 Qc3+ 78. Kf4 Qc1+ 79. Ke5 Qe3+ 0-1

[Event "New York 1000 GM Fall IM-B"]
[Site "New York"]
[Date "2023.11.08"]
[Round "1"]
[White "Nasta, Kiren Vivek"]
[Black "Lee, Megan Shuen Hui"]
[Result "0-1"]
[WhiteElo "2020"]
[BlackElo "2234"]
[PlyCount "94"]
[EventDate "2023.11.08"]
[EventType "tourn"]
[EventRounds "9"]
[EventCountry "USA"]
[SourceTitle "CB46_2023"]
[SourceDate "2023.11.15"]
[SourceVersion "1"]
[SourceVersionDate "2023.11.15"]
[SourceQuality "1"]

1. e4 e5 2. Nf3 Nc6 3. Bb5 a6 4. Ba4 Nf6 5. 0-0 Be7 6. d3 d6 7. c3 0-0 8. Re1 Re8 9. Nbd2 Bf8 10. Nf1 h6 11. Ng3 b5 12. Bb3 Na5 13. Bc2 c5 14. d4 exd4 15. cxd4 Nc6 16. h3 Nxd4 17. Nxd4 cxd4 18. Qxd4 Be6 19. Be3 Rc8 20. Bd3 d5 21. e5 Nd7 22. b4 Nb8 23. a3 Nc6 24. Qb2 d4 25. Bd2 Bc4 26. Bf5 Rc7 27. f4 Be7 28. Red1 Bh4 29. Be1 f6 30. Bg6 Rf8 31. exf6 Qxf6 32. f5 Bg5 33. Ne4 Be3+ 34. Bf2 Qe5 35. Nc5 Ne7 36. Bxe3 Qxe3+ 37. Kh1 Nxg6 38. fxg6 d3 39. Re1 Qg3 40. Qe5 Rf1+ 41. Rxf1 Qxe5 42. Rae1 Qe2 43. Rxe2 dxe2 44. Re1 Rc8 45. Nd7 Rd8 46. Ne5 Rd1 47. Nf3 Bd5 0-1

[Event "USA-ch (Women)"]
[Site "Saint Louis"]
[Date "2022.10.19"]
[Round "13"]
[White "Lee, Alice"]
[Black "Lee, Megan Shuen Hui"]
[Result "0-1"]
[WhiteElo "2263"]
[BlackElo "2226"]
[PlyCount "120"]
[EventDate "2022.10.05"]
[EventType "tourn"]
[EventRounds "13"]
[EventCountry "USA"]
[EventCategory "2"]
[SourceTitle "CBM 210 Extra"]
[Source "ChessBase"]
[SourceDate "2022.11.30"]
[SourceVersion "1"]
[SourceVersionDate "2022.11.30"]
[SourceQuality "1"]

1. d4 d5 2. c4 c6 3. Nf3 Nf6 4. e3 e6 5. b3 Nbd7 6. Bd3 Ne4 7. Nbd2 f5 8. 0-0 Bd6 9. Bb2 Qf6 10. Qc1 g5 11. Ba3 Bb8 12. g3 h5 13. Re1 h4 14. Nf1 Qh6 15. Bb2 Ndf6 16. Qc2 hxg3 17. fxg3 Nxg3 18. cxd5 Nxf1 19. Bxf1 exd5 20. Qg2 Ne4 21. Bd3 Be6 22. Ne5 Bxe5 23. dxe5 0-0-0 24. Bd4 Kb8 25. b4 Qf8 26. Rab1 Rh4 27. Kh1 Rg4 28. Qc2 Rc8 29. Bxe4 Rxe4 30. Qc5 b6 31. Qxf8 Rxf8 32. Rbd1 Rc8 33. Rg1 g4 34. Rge1 Rc7 35. a3 c5 36. bxc5 bxc5 37. Bb2 Rb7 38. Ba1 Rb3 39. Rb1 Rexe3 40. Rec1 Rxb1 41. Rxb1+ Kc7 42. Rc1 c4 43. h4 f4 44. Bd4 Rxa3 45. h5 Rh3+ 46. Kg1 Bf5 47. Ra1 Rxh5 48. Rxa7+ Kc6 49. Ra6+ Kb5 50. Rb6+ Ka5 51. e6 Rh7 52. Rd6 Be4 53. Rd7 g3 54. Kf1 f3 55. e7 Rh1+ 56. Bg1 Rxg1+ 57. Kxg1 f2+ 58. Kf1 Bd3+ 59. Kg2 f1Q+ 60. Kxg3 Qe1+ 0-1

[Event "USA-ch (Women)"]
[Site "Saint Louis"]
[Date "2022.10.12"]
[Round "7"]
[White "Lee, Megan Shuen Hui"]
[Black "Yu, Jennifer R"]
[Result "1-0"]
[WhiteElo "2226"]
[BlackElo "2297"]
[PlyCount "125"]
[EventDate "2022.10.05"]
[EventType "tourn"]
[EventRounds "13"]
[EventCountry "USA"]
[EventCategory "2"]
[SourceTitle "CBM 210 Extra"]
[Source "ChessBase"]
[SourceDate "2022.11.30"]
[SourceVersion "1"]
[SourceVersionDate "2022.11.30"]
[SourceQuality "1"]

1. e4 e5 2. Nf3 Nc6 3. d4 exd4 4. Nxd4 Bc5 5. Nb3 Bb6 6. Nc3 Nge7 7. Bg5 f6 8. Bf4 0-0 9. a4 a5 10. Qd2 d6 11. 0-0-0 Ne5 12. Be3 Bxe3 13. Qxe3 f5 14. f4 Ng4 15. Qd2 fxe4 16. Nxe4 Bf5 17. Nc3 Nf6 18. Re1 Bg6 19. Rg1 Bf7 20. g3 Ned5 21. Nb5 c6 22. N5d4 Nb6 23. Ne6 Bxe6 24. Rxe6 d5 25. Qd4 Nfd7 26. Bh3 Rf6 27. Re2 Qc7 28. Re7 Qd6 29. Rge1 c5 30. Qf2 d4 31. Qf3 c4 32. Qxb7 Rb8 33. Qa7 cxb3 34. Bxd7 Kh8 35. Qxb8+ Qxb8 36. Re8+ Rf8 37. Rxb8 Rxb8 38. Re8+ Rxe8 39. Bxe8 Kg8 40. cxb3 Kf8 41. Bc6 Ke7 42. b4 axb4 43. a5 Nc8 44. Bb7 Na7 45. Kd2 Kd6 46. Kd3 Kc5 47. g4 Nb5 48. f5 h6 49. h4 b3 50. a6 Kb6 51. g5 hxg5 52. hxg5 Nd6 53. f6 g6 54. Kxd4 Nf7 55. Bd5 Nxg5 56. f7 Nh7 57. Be4 Kxa6 58. Bxg6 Nf8 59. Bf5 Kb6 60. Ke5 Kc7 61. Kf6 Kd6 62. Kg7 Ke7 63. Kg8 1-0

[Event "USA-ch (Women)"]
[Site "Saint Louis"]
[Date "2022.10.11"]
[Round "6"]
[White "Foisor, Sabina Francesca"]
[Black "Lee, Megan Shuen Hui"]
[Result "0-1"]
[WhiteElo "2203"]
[BlackElo "2226"]
[PlyCount "142"]
[EventDate "2022.10.05"]
[EventType "tourn"]
[EventRounds "13"]
[EventCountry "USA"]
[EventCategory "2"]
[SourceTitle "CBM 210 Extra"]
[Source "ChessBase"]
[SourceDate "2022.11.30"]
[SourceVersion "1"]
[SourceVersionDate "2022.11.30"]
[SourceQuality "1"]

1. d4 d5 2. Nf3 Nf6 3. e3 c6 4. Bd3 e6 5. b3 Nbd7 6. Bb2 Bb4+ 7. c3 Bd6 8. c4 Ne4 9. 0-0 0-0 10. Ne5 f6 11. Nxd7 Bxd7 12. f3 Ng5 13. Nd2 f5 14. Qe2 Be8 15. e4 Bh5 16. e5 Bb4 17. a3 Nh3+ 18. Kh1 Nf4 19. Qe3 Bxd2 20. Qxd2 Nxd3 21. Qxd3 f4 22. a4 Bg6 23. Qd2 Qh4 24. Qf2 Qh6 25. cxd5 exd5 26. Bc1 Rae8 27. a5 Bd3 28. Rg1 Qh5 29. Re1 Re6 30. Ra2 Rf5 31. Rd2 Bb5 32. Qg1 Qf7 33. Rf2 Rg6 34. h3 Kf8 35. Ba3+ Ke8 36. Rd2 Qe6 37. Qh2 Rg3 38. Bc1 Rh5 39. Ra2 g5 40. Bd2 Bd3 41. a6 Bxa6 42. Rc1 Qf5 43. Be1 Rgxh3 44. gxh3 Rxh3 45. Rxa6 Rxh2+ 46. Kxh2 bxa6 47. Rxc6 Qd3 48. Kg2 Qxd4 49. e6 Qb2+ 50. Bf2 d4 51. Rd6 Ke7 52. Rxd4 Kxe6 53. Ra4 Qxb3 54. Rxa6+ Ke5 55. Rxa7 Qd3 56. Ra5+ Kf6 57. Ra4 h5 58. Rd4 Qa3 59. Rc4 h4 60. Bd4+ Ke6 61. Rc3 Qa2+ 62. Kh3 Qe2 63. Ra3 Qf1+ 64. Kh2 h3 65. Ra2 Qxf3 66. Rf2 Qd3 67. Ba7 Kf5 68. Kh1 g4 69. Kg1 g3 70. Rf1 h2+ 71. Kg2 Qxf1+ 0-1

[Event "USA-ch (Women)"]
[Site "Saint Louis"]
[Date "2022.10.07"]
[Round "3"]
[White "Lee, Megan Shuen Hui"]
[Black "Krush, Irina"]
[Result "1/2-1/2"]
[WhiteElo "2226"]
[BlackElo "2432"]
[PlyCount "97"]
[EventDate "2022.10.05"]
[EventType "tourn"]
[EventRounds "13"]
[EventCountry "USA"]
[EventCategory "2"]
[SourceTitle "CBM 210 Extra"]
[Source "ChessBase"]
[SourceDate "2022.11.30"]
[SourceVersion "1"]
[SourceVersionDate "2022.11.30"]
[SourceQuality "1"]

1. e4 c5 2. Nf3 Nc6 3. d4 cxd4 4. Nxd4 Nf6 5. Nc3 d6 6. Bg5 e6 7. Bb5 Bd7 8. Qd3 h6 9. Bh4 g5 10. Bg3 Ne5 11. Bxe5 dxe5 12. Bxd7+ Nxd7 13. Ndb5 a6 14. Nd6+ Bxd6 15. Qxd6 Rc8 16. 0-0-0 Rc6 17. Qd2 Qc7 18. h4 g4 19. h5 Nb6 20. Qe2 Rxc3 21. bxc3 Nc4 22. Rd3 Qb6 23. Rd8+ Qxd8 24. Qxc4 0-0 25. Qe2 Qg5+ 26. Qd2 Rd8 27. Qxg5+ hxg5 28. Rd1 Rxd1+ 29. Kxd1 g3 30. Ke2 Kg7 31. Kf3 f5 32. Kxg3 Kh6 33. Kh3 Kxh5 34. g4+ Kg6 35. Kg2 Kf6 36. Kf3 b6 37. c4 Kg6 38. Kg2 Kf7 39. Kf3 Kf6 40. a3 f4 41. Ke2 Ke7 42. Kd3 Kd6 43. f3 a5 44. Kc3 Kc5 45. a4 Kc6 46. Kd2 Kc5 47. Kc3 Kc6 48. Kd2 Kc5 49. Kc3 1/2-1/2

[Event "USA-ch (Women)"]
[Site "Saint Louis"]
[Date "2021.10.17"]
[Round "10"]
[White "Abrahamyan, Tatev"]
[Black "Lee, Megan Shuen Hui"]
[Result "1-0"]
[WhiteElo "2344"]
[BlackElo "2211"]
[PlyCount "89"]
[EventDate "2021.10.06"]
[EventType "tourn"]
[EventRounds "11"]
[EventCountry "USA"]
[EventCategory "3"]
[SourceTitle "CBM 204 Extra"]
[Source "ChessBase"]
[SourceDate "2021.11.30"]
[SourceVersion "1"]
[SourceVersionDate "2021.11.30"]
[SourceQuality "1"]

1. Nf3 d5 2. g3 g6 3. Bg2 Bg7 4. 0-0 e5 5. d3 Nc6 6. e4 dxe4 7. dxe4 Qxd1 8. Rxd1 Bg4 9. c3 a5 10. a4 Be6 11. Nbd2 Bh6 12. Bf1 0-0-0 13. Re1 f6 14. Nc4 Rd7 15. Rb1 Kb8 16. Be3 Bxe3 17. fxe3 Nge7 18. b4 Bxc4 19. Bxc4 Rd6 20. Rf1 Rhd8 21. h4 h5 22. Kf2 Ng8 23. Ke2 Nh6 24. Rb2 Ka7 25. Rfb1 axb4 26. cxb4 Ne7 27. a5 Rc6 28. Bb5 Rc3 29. Rd2 Rxd2+ 30. Kxd2 Ra3 31. Ne1 c5 32. Nc2 cxb4 33. Nxa3 bxa3 34. Kc3 f5 35. Rd1 fxe4 36. Rd7 Nhf5 37. a6 Nxe3 38. Rxb7+ Ka8 39. Kb3 N3f5 40. Kxa3 e3 41. Rd7 Nd4 42. Rxe7 Nxb5+ 43. Kb4 Nd4 44. Kc5 Nf5 45. Rd7 1-0

[Event "USA-ch (Women)"]
[Site "Saint Louis"]
[Date "2021.10.08"]
[Round "3"]
[White "Lee, Megan Shuen Hui"]
[Black "Yip, Carissa"]
[Result "1/2-1/2"]
[WhiteElo "2211"]
[BlackElo "2402"]
[PlyCount "67"]
[EventDate "2021.10.06"]
[EventType "tourn"]
[EventRounds "11"]
[EventCountry "USA"]
[EventCategory "3"]
[SourceTitle "CBM 204 Extra"]
[Source "ChessBase"]
[SourceDate "2021.11.30"]
[SourceVersion "1"]
[SourceVersionDate "2021.11.30"]
[SourceQuality "1"]

1. e4 c5 2. Nf3 d6 3. Bb5+ Bd7 4. Bxd7+ Qxd7 5. 0-0 Nc6 6. c3 Nf6 7. d4 e6 8. Qe2 cxd4 9. cxd4 d5 10. e5 Ne4 11. Be3 Be7 12. Ne1 f5 13. f3 Ng5 14. Nd3 0-0 15. Nd2 Nf7 16. Rfc1 b6 17. a3 a5 18. Rc3 Rfc8 19. Rac1 Nfd8 20. g4 fxg4 21. fxg4 Nf7 22. Nf3 Bd8 23. Kg2 Na7 24. h4 Rxc3 25. Rxc3 Nc6 26. Nf4 Ne7 27. Nd3 a4 28. Qc2 Qb5 29. Nf4 Qd7 30. Nd3 Rb8 31. Kh3 Qe8 32. Nf4 Qd7 33. Nd3 Ra8 34. Kg2 1/2-1/2